Le vieil homme et le chimpanze (et autres contes)
Gespeichert in:
| 1. Verfasser: | |
|---|---|
| Format: | Buch |
| Sprache: | Englisch |
| Veröffentlicht: |
Lofty Height Creative Ventures
2012
|
| Tags: |
Tag hinzufügen
Keine Tags, Fügen Sie den ersten Tag hinzu!
|
MARC
| LEADER | 00000nam a22000007a 4500 | ||
|---|---|---|---|
| 008 | 240405b |||||||| |||| 00| 0 eng d | ||
| 020 | |a 9789785027709 | ||
| 100 | |a OJEYINKA, Tunde | ||
| 245 | |a Le vieil homme et le chimpanze |b (et autres contes) |c / Tunde Ojeyinka |g vii, 104p. | ||
| 260 | |b Lofty Height Creative Ventures |c 2012 |h Ibadan |i 691128 |l PC2683.S4Oj2 |m Short stories, African (French) | ||
| 942 | |a lcc |c BK |e A.R.Akinniyi |f 5:4:2024 | ||
| 952 | |0 0 |1 0 |2 lcc |4 0 |6 PC2683 S4 O J2 |7 0 |9 5032 |a HOL |b HOL |c LP |d 2024-04-05 |l 0 |o PC2683.S4Oj2 |p 2024-0282 |r 2024-04-05 00:00:00 |t 691128 |w 2024-04-05 |y BK | ||
| 999 | |c 2498 |d 2498 | ||